[Event "EIBCC 2019"]
[Site "Tallinn"]
[Date "2019.12.07"]
[Round "19.21"]
[White "Pohjala, Henri"]
[Black "Smirnov, Artem"]
[Result "0-1"]
[WhiteElo "2447"]
[BlackElo "2283"]
[Annotator "NA"]
[PlyCount "82"]
[EventDate "2019.12.06"]
[EventType "swiss"]
[EventCountry "EST"]
[SourceTitle "playchess.com"]
[Source "ChessBase"]
[SourceQuality "1"]

1. d4 Nf6 2. Bg5 Ne4 3. Bf4 c5 4. f3 Qa5+ 5. c3 Nf6 6. d5 g6 7. e4 d6 8. Nd2 Bg7 9. Nc4 Qc7 10. a4 O-O 11. Qd2 Nbd7 12. Ne2 Nb6 13. Ng3 Re8 14. a5 Nxc4 15. Bxc4 Nd7 16. O-O Ne5 17. Be2 e6 18. dxe6 Bxe6 19. Bh6 Rad8 20. Bxg7 Kxg7 21. f4 Nc4 22. Bxc4 Bxc4 23. Rf2 f6 24. h4 d5 25. e5 fxe5 26. f5 Rf8 27. Qg5 Qd6 28. Re1 e4 29. Re3 Kh8 30. f6 Rf7 31. h5 Rg8 32. hxg6 Rxg6 33. Qh4 Rfxf6 34. Nf5 Qf8 35. g4 Qg8 36. Rg3 Qe6 37. Kh2 Qe5 38. Kh3 d4 39. cxd4 cxd4 40. Kh2 e3 41. Rff3 e2 0-1

[Event "EIBCC 2019"]
[Site "Tallinn"]
[Date "2019.12.07"]
[Round "19.22"]
[White "Belenkaya, Dina"]
[Black "Yuffa, Daniil"]
[Result "0-1"]
[WhiteElo "2203"]
[BlackElo "2582"]
[Annotator "ChessBase"]
[PlyCount "110"]
[EventDate "2019.12.06"]
[EventType "swiss"]
[EventCountry "EST"]
[SourceTitle "playchess.com"]
[Source "ChessBase"]
[SourceQuality "1"]

1. e4 c6 2. d3 d5 3. Nd2 e5 4. Ngf3 Bd6 5. g3 Nf6 6. Bg2 O-O 7. O-O Re8 8. b3 a5 9. a3 Na6 10. Bb2 Bg4 11. h3 Bh5 12. Re1 Nc5 13. Qc1 Qc7 14. Nh4 Bg6 15. Nf5 Bxf5 16. exf5 Qd7 17. g4 h5 18. g5 Nh7 19. g6 fxg6 20. fxg6 Nf8 21. Nf3 Qf5 22. d4 exd4 23. Nxd4 Qxg6 24. Qd2 Ne4 25. Qd3 Ne6 26. Nxe6 Rxe6 27. Re3 Rf8 28. Rf3 Rxf3 29. Qxf3 Ng5 30. Qd3 Qxd3 31. cxd3 Nf7 32. Kf1 Kf8 33. Bd4 Be5 34. Bxe5 Nxe5 35. Rd1 g5 36. d4 Ng6 37. Bf3 Nf4 38. Rb1 Kg7 39. b4 axb4 40. Rxb4 b5 41. a4 bxa4 42. Rxa4 Kh6 43. Ra8 Kg6 44. Rg8+ Kf6 45. Rf8+ Kg7 46. Rc8 Rf6 47. Bd1 Nxh3 48. Kg2 Nf4+ 49. Kg3 Re6 50. Bc2 Rf6 51. Rc7+ Kf8 52. Rh7 Re6 53. Bf5 Re1 54. Rc7 Rc1 55. Kf3 Rc3+ 0-1

[Event "EIBCC 2019"]
[Site "Tallinn"]
[Date "2019.12.07"]
[Round "19.23"]
[White "Shishkov, Andrei"]
[Black "Hjartarson, Johann"]
[Result "0-1"]
[WhiteElo "2297"]
[BlackElo "2559"]
[Annotator "ChessBase"]
[PlyCount "76"]
[EventDate "2019.12.06"]
[EventType "swiss"]
[EventCountry "EST"]
[SourceTitle "playchess.com"]
[Source "ChessBase"]
[SourceQuality "1"]

1. d4 Nf6 2. c4 g6 3. f3 Bg7 4. e4 d6 5. Nc3 O-O 6. Be3 e5 7. d5 c6 8. Bd3 cxd5 9. cxd5 Na6 10. Nge2 Nc5 11. Bc2 a5 12. O-O Nh5 13. Qd2 f5 14. exf5 gxf5 15. f4 e4 16. Bd4 Rf7 17. Nd1 Bd7 18. Ne3 b5 19. b4 axb4 20. Qxb4 Rc8 21. Rac1 Nd3 22. Bxd3 exd3 23. Rxc8 Qxc8 24. Nc3 Re7 25. Rf3 Bxd4 26. Qxd4 Qc5 27. Qxd3 Nxf4 28. Qd2 Qxc3 29. Qxc3 Ne2+ 30. Kf2 Nxc3 31. Nxf5 Ne4+ 32. Kg1 Bxf5 33. Rxf5 Ra7 34. Rf4 Nc3 35. Rf3 Ne2+ 36. Kf1 Rxa2 37. Rf2 Nc3 38. Rf6 b4 0-1

[Event "EIBCC 2019"]
[Site "Tallinn"]
[Date "2019.12.07"]
[Round "19.24"]
[White "Mickevicius, Juras"]
[Black "Dragnev, Valentin"]
[Result "1-0"]
[WhiteElo "2295"]
[BlackElo "2523"]
[Annotator "ChessBase"]
[PlyCount "111"]
[EventDate "2019.12.06"]
[EventType "swiss"]
[EventCountry "EST"]
[SourceTitle "playchess.com"]
[Source "ChessBase"]
[SourceQuality "1"]

1. d4 Nf6 2. c4 c5 3. d5 b5 4. cxb5 a6 5. bxa6 g6 6. Nc3 Bg7 7. Nf3 d6 8. g3 Nbd7 9. Bg2 Nb6 10. O-O Bxa6 11. Rb1 Bc4 12. Nd2 Bxd5 13. Nxd5 Nfxd5 14. Nc4 e6 15. Nxb6 Qxb6 16. Bxd5 exd5 17. Qxd5 O-O 18. Rd1 Rfe8 19. Be3 Ra6 20. b4 Qc7 21. b5 Rb6 22. a4 Qa7 23. Qc4 Ra8 24. Bf4 Qxa4 25. Qxa4 Rxa4 26. Rxd6 Rxd6 27. Bxd6 Bf8 28. Bf4 Ra7 29. b6 Rb7 30. Bc7 f5 31. Rd1 Kf7 32. Kg2 Ke6 33. Kf3 c4 34. e4 fxe4+ 35. Kxe4 Bc5 36. Rb1 Bxf2 37. g4 h5 38. h3 hxg4 39. hxg4 Bc5 40. Rb5 Bd6 41. Bxd6 Kxd6 42. Kd4 Kc6 43. Kxc4 g5 44. Rxg5 Rf7 45. Rg6+ Kb7 46. Kd5 Rf1 47. Ke5 Re1+ 48. Kf5 Rf1+ 49. Kg5 Rg1 50. Rf6 Rc1 51. Kg6 Rc4 52. g5 Rg4 53. Kh6 Rh4+ 54. Kg7 Rg4 55. g6 Rg1 56. Kf7 1-0

[Event "EIBCC 2019"]
[Site "Tallinn"]
[Date "2019.12.07"]
[Round "19.25"]
[White "Khakimov, Timur"]
[Black "Potapov, Pavel"]
[Result "1/2-1/2"]
[WhiteElo "2287"]
[BlackElo "2464"]
[Annotator "ChessBase"]
[PlyCount "74"]
[EventDate "2019.12.06"]
[EventType "swiss"]
[EventCountry "EST"]
[SourceTitle "playchess.com"]
[Source "ChessBase"]
[SourceQuality "1"]

1. d4 f5 2. g3 Nf6 3. Bg2 g6 4. c3 Bg7 5. Qb3 c6 6. Nh3 e6 7. Nf4 O-O 8. h4 Qe8 9. h5 d5 10. hxg6 hxg6 11. Nd2 g5 12. Nd3 Ne4 13. Nf3 b6 14. Nxg5 c5 15. dxc5 bxc5 16. Nxe4 c4 17. Qd1 dxe4 18. Nf4 Nc6 19. Be3 Bb7 20. Qc2 Rd8 21. Rd1 Rxd1+ 22. Qxd1 Rf7 23. Qd6 Re7 24. Nh5 Be5 25. Qc5 Rh7 26. g4 fxg4 27. Bxe4 Rxh5 28. Rxh5 Qxh5 29. Bxc6 Bxc3+ 30. bxc3 Qxc5 31. Bxc5 Bxc6 32. Bxa7 Kf7 33. Kd2 e5 34. Bb8 Ke6 35. Ke3 Kf5 36. Bc7 Ba4 37. a3 Bb3 1/2-1/2

[Event "EIBCC 2019"]
[Site "Tallinn"]
[Date "2019.12.07"]
[Round "19.26"]
[White "Belous, Mikhail"]
[Black "Mohr, Georg"]
[Result "0-1"]
[WhiteElo "2286"]
[BlackElo "2458"]
[Annotator "ChessBase"]
[PlyCount "65"]
[EventDate "2019.12.06"]
[EventType "swiss"]
[EventCountry "EST"]
[SourceTitle "playchess.com"]
[Source "ChessBase"]
[SourceQuality "1"]

1. d4 g6 2. c4 Bg7 3. e4 c5 4. d5 e6 5. Nc3 d6 6. f3 exd5 7. cxd5 Ne7 8. Nge2 O-O 9. Ng3 Nd7 10. Be2 f5 11. exf5 Nxf5 12. Nxf5 Rxf5 13. O-O a6 14. a4 Bd4+ 15. Kh1 Rb8 16. Ne4 Nf6 17. Ng3 Re5 18. Bf4 Re8 19. Qc2 Be5 20. Bg5 Qe7 21. Bd3 Qg7 22. Rae1 Bd7 23. Re2 b5 24. axb5 axb5 25. b3 Nxd5 26. f4 Bd4 27. Qc1 Nb4 28. Bb1 Bf6 29. f5 Rxe2 30. Nxe2 gxf5 31. Bxf5 Bxg5 32. Qc2 Nxc2 33. Ng1 0-1

[Event "EIBCC 2019"]
[Site "Tallinn"]
[Date "2019.12.07"]
[Round "19.27"]
[White "Nazaretyan, Tigran"]
[Black "Putka, Verners"]
[Result "1-0"]
[WhiteElo "2277"]
[BlackElo "2448"]
[Annotator "NA"]
[PlyCount "254"]
[EventDate "2019.12.06"]
[EventType "swiss"]
[EventCountry "EST"]
[SourceTitle "playchess.com"]
[Source "ChessBase"]
[SourceQuality "1"]

1. d4 Nf6 2. c4 e6 3. Nf3 b6 4. a3 Bb7 5. Nc3 d5 6. cxd5 Nxd5 7. e3 Be7 8. Bb5+ c6 9. Bd3 O-O 10. e4 Nxc3 11. bxc3 Nd7 12. Bf4 c5 13. O-O Nf6 14. Qe2 Rc8 15. Rfd1 cxd4 16. cxd4 Qe8 17. a4 Bb4 18. Bb5 Qe7 19. Bd3 h6 20. h3 Rfd8 21. Rdc1 Bc3 22. Rab1 Bxd4 23. Rxc8 Bxc8 24. Nxd4 Rxd4 25. a5 Qd8 26. Bc2 Bb7 27. axb6 axb6 28. Be3 Rd7 29. Bxb6 Qa8 30. f3 Qa2 31. Bd3 Qa3 32. Bb5 Rd6 33. Bc7 Rd4 34. Be5 Rd8 35. Kh2 Ba8 36. Bxf6 gxf6 37. Qf2 Qd6+ 38. Kh1 Qf4 39. Ra1 Bxe4 40. Be2 Bd5 41. Rd1 Rb8 42. Qd4 Qxd4 43. Rxd4 Rb2 44. Bd1 f5 45. Kh2 Kg7 46. Kg3 Kf6 47. Ba4 Ra2 48. Bb5 Rb2 49. Ba4 h5 50. Rh4 Kg5 51. Rd4 Kf6 52. h4 Ba2 53. Be8 e5 54. Ra4 Bd5 55. Ra6+ Ke7 56. Bc6 Be6 57. Ra7+ Kf6 58. Bd7 f4+ 59. Kh2 Bd5 60. Ra6+ Ke7 61. Bc6 Be6 62. Ra7+ Kf6 63. Bd7 Bc4 64. Rc7 Bf1 65. Bh3 Bd3 66. Rc6+ Kg7 67. Rd6 Bg6 68. Rd5 Re2 69. Kg1 Kf6 70. Kf1 Rb2 71. Rd6+ Kg7 72. Rd5 Kf6 73. Rd6+ Ke7 74. Rd7+ Kf6 75. Rd6+ Kg7 76. Rd5 Rb1+ 77. Kf2 f6 78. Rd7+ Kf8 79. Ra7 Rb2+ 80. Kg1 Bf7 81. Ra6 Kg7 82. Ra7 Rb6 83. Bf5 Kf8 84. Ra8+ Kg7 85. Ra7 Rd6 86. Bc2 Kf8 87. Ra8+ Ke7 88. Ra7+ Rd7 89. Ra6 Bd5 90. Bf5 Rc7 91. Kh2 Rb7 92. Ra5 Bc6 93. Ra6 Bd5 94. Ra5 Bf7 95. Ra6 Rc7 96. Rb6 Bd5 97. Rb5 Kd6 98. Rb6+ Rc6 99. Rb8 Ra6 100. Rd8+ Kc5 101. Bg6 Ra3 102. Bxh5 e4 103. fxe4 Bxe4 104. Rf8 Ra2 105. Rxf6 Rxg2+ 106. Kh3 Rf2 107. Kg4 Bf3+ 108. Kg5 Rg2+ 109. Kh6 Bxh5 110. Kxh5 Rf2 111. Kg4 Rg2+ 112. Kxf4 Kd5 113. h5 Rf2+ 114. Kg5 Rg2+ 115. Kf5 Rf2+ 116. Kg6 Rg2+ 117. Kf7 Ra2 118. h6 Ke5 119. Rf1 Ra7+ 120. Kg6 Ra6+ 121. Kg7 Ra2 122. h7 Rg2+ 123. Kf8 Rh2 124. Rf7 Ke6 125. Kg8 Rh3 126. Rg7 Ra3 127. h8=Q Kd5 1-0

[Event "EIBCC 2019"]
[Site "Tallinn"]
[Date "2019.12.07"]
[Round "19.28"]
[White "Rocha, Sergio"]
[Black "Sipila, Vilka"]
[Result "1-0"]
[WhiteElo "2249"]
[BlackElo "2422"]
[Annotator "NA"]
[PlyCount "119"]
[EventDate "2019.12.06"]
[EventType "swiss"]
[EventCountry "EST"]
[SourceTitle "playchess.com"]
[Source "ChessBase"]
[SourceQuality "1"]

1. Nf3 d6 2. d4 Nf6 3. c4 Nc6 4. Nc3 Bf5 5. Nh4 Bd7 6. e4 e5 7. d5 Nd4 8. Nf3 Bg4 9. Be2 Nxe2 10. Qxe2 Be7 11. h3 Bd7 12. Be3 c6 13. O-O O-O 14. a3 cxd5 15. cxd5 Rc8 16. Rfc1 Rxc3 17. bxc3 Nxe4 18. Bxa7 f5 19. Rab1 Bc8 20. Nd2 Qa5 21. Nxe4 fxe4 22. Be3 Qxd5 23. Rd1 Qa5 24. c4 Qa6 25. Qc2 Be6 26. Qxe4 Qxc4 27. Qxc4 Bxc4 28. Rxb7 Re8 29. a4 d5 30. Bb6 d4 31. a5 Bd6 32. Rd7 Bb8 33. Rd8 Kf7 34. Rxe8 Kxe8 35. Rc1 Ba6 36. Bc7 Bxc7 37. Rxc7 d3 38. Rc1 Kd7 39. f3 Kd6 40. Kf2 Kd5 41. Ke3 Kd6 42. Rc3 Bb5 43. Rxd3+ Kc5 44. Ra3 Kb4 45. Ra1 Ba6 46. Ke4 Kc3 47. Kxe5 Kd3 48. Kf4 Kc4 49. g4 Kd5 50. h4 Kd4 51. h5 Kd5 52. Rb1 Kc5 53. Rb6 Bd3 54. Rb7 g6 55. h6 Kc6 56. Rg7 Kb5 57. Kg5 Kxa5 58. Rxh7 Kb4 59. Rc7 Kb5 60. h7 1-0

[Event "EIBCC 2019"]
[Site "Tallinn"]
[Date "2019.12.07"]
[Round "19.29"]
[White "Studer, Noel"]
[Black "Meyer, Falko"]
[Result "1-0"]
[WhiteElo "2394"]
[BlackElo "2248"]
[Annotator "NA"]
[PlyCount "57"]
[EventDate "2019.12.06"]
[EventType "swiss"]
[EventCountry "EST"]
[SourceTitle "playchess.com"]
[Source "ChessBase"]
[SourceQuality "1"]

1. d4 c6 2. c4 d5 3. Nf3 Nf6 4. e3 a6 5. a4 e6 6. Nc3 a5 7. Be2 Na6 8. O-O Be7 9. b3 O-O 10. Bb2 Re8 11. Re1 Nb4 12. Bf1 c5 13. cxd5 cxd4 14. Nxd4 Nfxd5 15. Ncb5 e5 16. e4 Nb6 17. Nf5 Bxf5 18. exf5 f6 19. Qf3 Kh8 20. Red1 Qb8 21. Rac1 Rd8 22. Nc7 Ra7 23. Ne6 Rxd1 24. Rxd1 Ra8 25. Re1 Qc8 26. Re4 g5 27. fxg6 hxg6 28. Rh4+ Kg8 29. Qh3 1-0

[Event "EIBCC 2019"]
[Site "Tallinn"]
[Date "2019.12.07"]
[Round "19.30"]
[White "D`Costa, Lorin"]
[Black "Vetokhin, Savva"]
[Result "1-0"]
[WhiteElo "2361"]
[BlackElo "2145"]
[Annotator "NA"]
[PlyCount "113"]
[EventDate "2019.12.06"]
[EventType "swiss"]
[EventCountry "EST"]
[SourceTitle "playchess.com"]
[Source "ChessBase"]
[SourceQuality "1"]

1. d4 Nf6 2. Bf4 c5 3. d5 d6 4. Nc3 g6 5. e4 Bg7 6. Qd2 a6 7. a4 O-O 8. Nf3 Ne8 9. Be2 e6 10. O-O e5 11. Bh6 f5 12. Bxg7 Nxg7 13. exf5 gxf5 14. Rab1 Nd7 15. Ne1 Nf6 16. f4 e4 17. Nd1 Bd7 18. a5 Re8 19. Ne3 Qe7 20. b4 cxb4 21. Rxb4 Rab8 22. c3 Rec8 23. N1c2 Qd8 24. Ra1 Qc7 25. Ra3 b6 26. axb6 Rxb6 27. Bxa6 Rxb4 28. Nxb4 Qb6 29. Bxc8 Bxc8 30. Nc6 Bb7 31. Nb4 Ng4 32. Qd4 Qxd4 33. cxd4 Nxe3 34. Rxe3 Nh5 35. g3 Nf6 36. Ra3 Nxd5 37. Nxd5 Bxd5 38. Kf2 Bc4 39. d5 Bxd5 40. Ra6 Bc4 41. Rxd6 Kf7 42. Ke3 Bd3 43. Rxd3 exd3 44. Kxd3 Ke6 45. Kc4 Kf6 46. Kd5 h6 47. Kd6 Kg6 48. Ke5 Kh5 49. h3 Kg6 50. Ke6 Kh5 51. Kd5 Kg6 52. Ke5 Kh5 53. Kd5 Kg6 54. Ke6 Kh5 55. g4+ fxg4 56. hxg4+ Kxg4 57. f5 1-0

[Event "EIBCC 2019"]
[Site "Tallinn"]
[Date "2019.12.07"]
[Round "19.31"]
[White "Papasimakopoulos, Alexandros"]
[Black "Azimov, Ilyas"]
[Result "1-0"]
[WhiteElo "2356"]
[BlackElo "2183"]
[Annotator "NA"]
[PlyCount "77"]
[EventDate "2019.12.06"]
[EventType "swiss"]
[EventCountry "EST"]
[SourceTitle "playchess.com"]
[Source "ChessBase"]
[SourceQuality "1"]

1. d4 Nf6 2. c4 g6 3. f3 d6 4. e4 Bg7 5. Nc3 O-O 6. Nge2 Nbd7 7. Be3 e5 8. Qd2 c6 9. O-O-O Qc7 10. Kb1 a6 11. d5 c5 12. Nc1 Rb8 13. h4 h5 14. Be2 Qa5 15. Nb3 Qc7 16. g4 Re8 17. Bh6 Nf8 18. Bxg7 Kxg7 19. Rdg1 N8h7 20. Nc1 Bd7 21. g5 Ng8 22. f4 exf4 23. Qxf4 Re7 24. a4 b5 25. cxb5 axb5 26. Bxb5 Rbe8 27. Re1 f6 28. Bxd7 Qxd7 29. Nb5 fxg5 30. hxg5 Re5 31. Nd3 Rxg5 32. Qxd6 Qxd6 33. Nxd6 Rd8 34. e5 c4 35. Nc5 Rxd6 36. exd6 Rxd5 37. Rd1 Rxd1+ 38. Rxd1 Ngf6 39. d7 1-0

[Event "EIBCC 2019"]
[Site "Tallinn"]
[Date "2019.12.07"]
[Round "19.32"]
[White "Dragicevic, Drazen"]
[Black "Vasiliev, Georgiy"]
[Result "0-1"]
[WhiteElo "2300"]
[BlackElo "2126"]
[Annotator "NA"]
[PlyCount "92"]
[EventDate "2019.12.06"]
[EventType "swiss"]
[EventCountry "EST"]
[SourceTitle "playchess.com"]
[Source "ChessBase"]
[SourceQuality "1"]

1. Nf3 Nf6 2. g3 d5 3. Bg2 Bg4 4. O-O e6 5. d3 Nbd7 6. Nbd2 Be7 7. h3 Bh5 8. c4 c6 9. a3 O-O 10. Rb1 a5 11. b4 axb4 12. axb4 b5 13. cxb5 cxb5 14. Nb3 Bxb4 15. Nbd4 Bc5 16. Rxb5 Ne8 17. g4 Bg6 18. Qc2 Rc8 19. Qa4 Nd6 20. Rb1 Qe7 21. Bd2 e5 22. Nb3 f5 23. Nxc5 Nxc5 24. Qa3 fxg4 25. hxg4 e4 26. Nd4 exd3 27. exd3 Bxd3 28. Rfe1 Qf6 29. Rb4 Qxf2+ 30. Kh1 Qh4+ 31. Kg1 Qf2+ 32. Kh1 Qxd2 33. Bxd5+ Kh8 34. Qa1 Qxb4 35. Rc1 Be4+ 36. Bxe4 Ncxe4 37. Ne6 Rxc1+ 38. Qxc1 Rg8 39. Qf4 Qd2 40. Qe5 Qe1+ 41. Kg2 Qf2+ 42. Kh3 Qf3+ 43. Kh2 Nf7 44. Qd4 Nfg5 45. Nxg7 Qf2+ 46. Qxf2 Nxf2 0-1

[Event "EIBCC 2019"]
[Site "Tallinn"]
[Date "2019.12.07"]
[Round "19.33"]
[White "Ortega Ruiz, Jose Miguel"]
[Black "Babula, Vlastimil"]
[Result "0-1"]
[WhiteElo "2272"]
[BlackElo "2605"]
[Annotator "ChessBase"]
[PlyCount "53"]
[EventDate "2019.12.06"]
[EventType "swiss"]
[EventCountry "EST"]
[SourceTitle "playchess.com"]
[Source "ChessBase"]
[SourceQuality "1"]

1. d4 Nf6 2. c4 e6 3. Nf3 b6 4. g3 Ba6 5. b3 Bb4+ 6. Bd2 Be7 7. Bg2 d5 8. Qc2 O-O 9. O-O c5 10. Nc3 Nc6 11. dxc5 bxc5 12. cxd5 exd5 13. Rfe1 Rc8 14. Rad1 Nb4 15. Qb1 d4 16. Na4 Nbd5 17. e3 dxe3 18. Bxe3 Qc7 19. Bg5 Rfd8 20. Qf5 g6 21. Qc2 Nb4 22. Qb2 Rxd1 23. Rxd1 Ne4 24. Bxe7 Qxe7 25. Qe5 Re8 26. Qxe7 Rxe7 27. Re1 0-1

[Event "EIBCC 2019"]
[Site "Tallinn"]
[Date "2019.12.07"]
[Round "19.34"]
[White "Troyke, Christian"]
[Black "Belyakov, Bogdan"]
[Result "1-0"]
[WhiteElo "2247"]
[BlackElo "2431"]
[Annotator "NA"]
[PlyCount "71"]
[EventDate "2019.12.06"]
[EventType "swiss"]
[EventCountry "EST"]
[SourceTitle "playchess.com"]
[Source "ChessBase"]
[SourceQuality "1"]

1. g3 e5 2. c4 Nf6 3. Bg2 Bc5 4. Nc3 O-O 5. e3 c6 6. Nge2 d5 7. cxd5 cxd5 8. d4 exd4 9. exd4 Bb6 10. Bg5 Be6 11. O-O Nc6 12. Nf4 Bxd4 13. Ncxd5 Bxd5 14. Nxd5 h6 15. Bxf6 Bxf6 16. Qb3 Nd4 17. Qxb7 Rb8 18. Qxa7 Rxb2 19. Rad1 Ne2+ 20. Kh1 Qd6 21. a4 Be5 22. a5 Qa3 23. Qe3 Qxe3 24. Nxe3 Ra2 25. Rd5 Bc3 26. Bf3 Nd4 27. Nd1 Ba1 28. Bg2 Rc8 29. a6 Rxa6 30. Rxd4 Bxd4 31. Bb7 Rac6 32. Bxc8 Rxc8 33. Kg2 Rc2 34. Re1 f5 35. Ne3 Kf7 36. Nxc2 1-0

[Event "EIBCC 2019"]
[Site "Tallinn"]
[Date "2019.12.07"]
[Round "19.35"]
[White "Nestor, Kaarel"]
[Black "Sysolyatin, Evgeny"]
[Result "0-1"]
[WhiteElo "2239"]
[BlackElo "2396"]
[Annotator "NA"]
[PlyCount "82"]
[EventDate "2019.12.06"]
[EventType "swiss"]
[EventCountry "EST"]
[SourceTitle "playchess.com"]
[Source "ChessBase"]
[SourceQuality "1"]

1. d4 Nf6 2. Nf3 d5 3. Bf4 e6 4. e3 Bd6 5. Bg3 Bxg3 6. hxg3 h6 7. Bd3 Nbd7 8. Nbd2 b6 9. e4 dxe4 10. Nxe4 Bb7 11. Qe2 Qe7 12. c3 O-O 13. O-O c5 14. Rad1 Rfd8 15. Rfe1 cxd4 16. Nxd4 Nc5 17. Nxf6+ Qxf6 18. Bb1 a6 19. Qc2 g6 20. a3 Rac8 21. Qe2 b5 22. Rd2 Rd7 23. Rdd1 Na4 24. Ba2 Rcd8 25. Rc1 Kh7 26. Bb3 Nc5 27. Bc2 Rd5 28. Qf3 Qxf3 29. Nxf3 Nd3 30. Bxd3 Rxd3 31. Ne5 Rd2 32. Nxf7 Rf8 33. Ne5 Rfxf2 34. Ng4 Rxg2+ 35. Kf1 Rxg3 36. Nf2 Bg2+ 37. Kg1 Bf3+ 38. Kf1 Rg2 39. Ne4 Rxb2 40. c4 Rh2 41. Ng3 Rbf2+ 0-1

[Event "EIBCC 2019"]
[Site "Tallinn"]
[Date "2019.12.07"]
[Round "19.36"]
[White "Krutti, Valer"]
[Black "Firstov, Juri"]
[Result "1/2-1/2"]
[WhiteElo "2379"]
[BlackElo "2228"]
[Annotator "NA"]
[PlyCount "60"]
[EventDate "2019.12.06"]
[EventType "swiss"]
[EventCountry "EST"]
[SourceTitle "playchess.com"]
[Source "ChessBase"]
[SourceQuality "1"]

1. Nf3 b6 2. c4 Bb7 3. Nc3 e6 4. a3 f5 5. d4 Nf6 6. d5 Be7 7. g3 Ne4 8. Bd2 Nxd2 9. Qxd2 Bf6 10. Bg2 O-O 11. Rd1 e5 12. O-O e4 13. Nd4 Be5 14. Rfe1 Qf6 15. f4 Bxd4+ 16. Qxd4 Qxd4+ 17. Rxd4 d6 18. e3 a6 19. h3 Nd7 20. g4 g6 21. Kh2 Nf6 22. gxf5 gxf5 23. Bf1 Kf7 24. Rd2 Rg8 25. Ne2 Bc8 26. Nd4 Bd7 27. b4 a5 28. b5 Rg7 29. Rg2 Rag8 30. Rxg7+ Rxg7 1/2-1/2

[Event "EIBCC 2019"]
[Site "Tallinn"]
[Date "2019.12.07"]
[Round "20.1"]
[White "Andriasian, Zaven"]
[Black "Lysyj, Igor"]
[Result "1/2-1/2"]
[WhiteElo "2766"]
[BlackElo "2600"]
[Annotator "TA"]
[PlyCount "36"]
[EventDate "2019.12.06"]
[EventType "swiss"]
[EventCountry "EST"]
[SourceTitle "playchess.com"]
[Source "ChessBase"]
[SourceQuality "1"]

1. e4 e5 2. Nf3 Nc6 3. Bc4 Bc5 4. d3 Nf6 5. O-O d6 6. c3 a6 7. Bb3 Ba7 8. Nbd2 O-O 9. h3 Be6 10. Re1 Bxb3 11. axb3 d5 12. Qe2 Re8 13. Nf1 Bc5 14. b4 Bf8 15. Ng3 h6 16. Nf5 Qd7 17. Nh2 Rad8 18. Qf3 Re6 1/2-1/2

[Event "EIBCC 2019"]
[Site "Tallinn"]
[Date "2019.12.07"]
[Round "20.2"]
[White "Guseinov, Gadir"]
[Black "Sanal, Vahap"]
[Result "1-0"]
[WhiteElo "2593"]
[BlackElo "2563"]
[Annotator "ChessBase"]
[PlyCount "76"]
[EventDate "2019.12.06"]
[EventType "swiss"]
[EventCountry "EST"]
[SourceTitle "playchess.com"]
[Source "ChessBase"]
[SourceQuality "1"]

1. e4 e5 2. Nf3 Nc6 3. Bb5 a6 4. Bxc6 dxc6 5. O-O Bg4 6. h3 h5 7. d3 Qf6 8. Nbd2 g5 9. b4 Qg7 10. Nc4 f6 11. hxg4 hxg4 12. Nxg5 Qh6 13. Nh3 Qg6 14. Ne3 gxh3 15. g3 Bxb4 16. Rb1 Bc5 17. Rxb7 Bb6 18. Kh2 O-O-O 19. Rxb6 cxb6 20. Nf5 Rd7 21. Be3 b5 22. c4 Ne7 23. Nxe7+ Rxe7 24. cxb5 axb5 25. Qc2 Re6 26. a4 f5 27. exf5 Qxf5 28. axb5 Qf3 29. Rg1 Kd7 30. b6 Qd5 31. Qa4 Ree8 32. Qg4+ Qe6 33. Qb4 Qd5 34. b7 Qb5 35. Qg4+ Kc7 36. Qg7+ Kb8 37. Qd7 Rd8 38. Ba7+ Kxa7 1-0

[Event "EIBCC 2019"]
[Site "Tallinn"]
[Date "2019.12.07"]
[Round "20.3"]
[White "Turov, Maxim"]
[Black "Demidov, Mikhail"]
[Result "1/2-1/2"]
[WhiteElo "2535"]
[BlackElo "2631"]
[Annotator "ChessBase"]
[PlyCount "41"]
[EventDate "2019.12.06"]
[EventType "swiss"]
[EventCountry "EST"]
[SourceTitle "playchess.com"]
[Source "ChessBase"]
[SourceQuality "1"]

1. d4 d5 2. c4 c6 3. Nf3 Nf6 4. Nc3 dxc4 5. a4 Bf5 6. Ne5 Na6 7. e3 Nb4 8. Bxc4 e6 9. O-O Be7 10. Qe2 Bc2 11. Na2 Nxa2 12. Qxc2 Nxc1 13. Raxc1 O-O 14. Rfd1 Qc7 15. Be2 Bd6 16. Nf3 Rfd8 17. h3 Rac8 18. Nd2 Qb8 19. Ne4 Be7 20. Nxf6+ Bxf6 21. b4 1/2-1/2

[Event "EIBCC 2019"]
[Site "Tallinn"]
[Date "2019.12.07"]
[Round "20.5"]
[White "Mamedov, Rauf"]
[Black "Stupak, Kirill"]
[Result "0-1"]
[WhiteElo "2670"]
[BlackElo "2459"]
[Annotator "ChessBase"]
[PlyCount "84"]
[EventDate "2019.12.06"]
[EventType "swiss"]
[EventCountry "EST"]
[SourceTitle "playchess.com"]
[Source "ChessBase"]
[SourceQuality "1"]

1. e4 e6 2. d4 d5 3. Nd2 c5 4. Ngf3 Nc6 5. exd5 exd5 6. Bb5 Qe7+ 7. Be2 Qc7 8. O-O Nf6 9. Bb5 a6 10. Re1+ Be7 11. Bxc6+ bxc6 12. dxc5 O-O 13. Nb3 Ne4 14. Be3 a5 15. a4 Bg4 16. h3 Bh5 17. Qd3 Bxf3 18. gxf3 Ng5 19. Nd4 Nxh3+ 20. Kg2 Nf4+ 21. Bxf4 Qxf4 22. Nxc6 Qg5+ 23. Kf1 Bxc5 24. Ne5 Qh4 25. Ng4 h5 26. Ne3 Rfe8 27. Qxd5 Bxe3 28. fxe3 Qh1+ 29. Kf2 Qh2+ 30. Kf1 Rad8 31. Qb5 Qh1+ 32. Kf2 Qh2+ 33. Kf1 Re6 34. Rad1 Rde8 35. Qe2 Qh1+ 36. Kf2 Qh4+ 37. Kf1 Rg6 38. Qb5 Qh3+ 39. Ke2 Rg2+ 40. Kd3 Rd8+ 41. Kc3 Qc8+ 42. Qc4 Rxc2+ 0-1

[Event "EIBCC 2019"]
[Site "Tallinn"]
[Date "2019.12.07"]
[Round "20.6"]
[White "Usmanov, Vasily"]
[Black "Sargissian, Gabriel"]
[Result "1/2-1/2"]
[WhiteElo "2495"]
[BlackElo "2676"]
[Annotator "ChessBase"]
[PlyCount "69"]
[EventDate "2019.12.06"]
[EventType "swiss"]
[EventCountry "EST"]
[SourceTitle "playchess.com"]
[Source "ChessBase"]
[SourceQuality "1"]

1. d4 Nf6 2. c4 e6 3. a3 d5 4. Nc3 Be7 5. Bg5 h6 6. Bh4 O-O 7. e3 b6 8. Bxf6 Bxf6 9. cxd5 exd5 10. Qf3 c6 11. Bd3 Re8 12. Nge2 Ba6 13. Bxa6 Nxa6 14. O-O Nc7 15. Nf4 Ne6 16. Nxe6 Rxe6 17. Rac1 a5 18. Rc2 a4 19. Rfc1 Qd7 20. Ne2 Be7 21. Qh3 c5 22. Nf4 Rd6 23. dxc5 Qxh3 24. Nxh3 bxc5 25. Rxc5 Rb6 26. Rc8+ Rxc8 27. Rxc8+ Kh7 28. Ra8 Bxa3 29. Rxa4 Bxb2 30. g3 d4 31. exd4 Rd6 32. Ra7 Kg8 33. Ra8+ Kh7 34. Ra7 Kg8 35. Ra8+ 1/2-1/2

[Event "EIBCC 2019"]
[Site "Tallinn"]
[Date "2019.12.07"]
[Round "20.7"]
[White "Motylev, Alexander"]
[Black "Schneider, Ilja"]
[Result "1-0"]
[WhiteElo "2629"]
[BlackElo "2483"]
[Annotator "ChessBase"]
[PlyCount "57"]
[EventDate "2019.12.06"]
[EventType "swiss"]
[EventCountry "EST"]
[SourceTitle "playchess.com"]
[Source "ChessBase"]
[SourceQuality "1"]

1. e4 Nc6 2. Nc3 Nf6 3. d4 d5 4. e5 Nd7 5. Nf3 Nb6 6. a4 Bg4 7. a5 Nd7 8. a6 b6 9. Nxd5 Ndb8 10. Ne3 Bxf3 11. Qxf3 Qxd4 12. e6 fxe6 13. c3 Qf6 14. Qe4 Qe5 15. Bd3 g6 16. O-O Bg7 17. f4 Qc5 18. Qxe6 Nd7 19. Be4 Nd8 20. Qb3 Rb8 21. Kh1 Nf6 22. Bf3 e6 23. Nc4 O-O 24. Ne5 Nf7 25. Qxe6 Rbe8 26. Qb3 Re7 27. Re1 Nd7 28. Be3 Qd6 29. Rad1 1-0